| 000 | 01454nam a2200241Ia 4500 | ||
|---|---|---|---|
| 999 |
_c44001 _d44001 |
||
| 001 | 10751 | ||
| 003 | GE_BSU | ||
| 005 | 20250422115712.0 | ||
| 008 | 181216s2014||||ge |||||||||||||| ||geo|| | ||
| 020 | _a9789941434723 | ||
| 040 | _cGE_BSU | ||
| 041 | _ageo | ||
| 080 | _a63:54(075.8)+631.8(075.8) ც-19 | ||
| 100 |
_aცანავა, ვალერიან _923 |
||
| 245 |
_aაგროქიმია : _b[სახელმძღვ.] ტექნოლოგიური ფაკულტ. და სასოფლო-სამეურნეო პროფილის სტუდენტებისათვის / _cვალერიან ცანავა,შოთა ლომინაძე, აკაკი ბაჯელიძე, რედ: ჯ.ონიანი. |
||
| 264 |
_aბათუმი : _bშოთა რუსთაველის სახელმწ.უნ-ტის გამ-ბა, _c2014. |
||
| 300 |
_a379 გვ.: _b21 სმ. |
||
| 504 | _aბიბლიოგრ.გვ:374-375. | ||
| 653 | _aაგროქიმია:[სახელმძღვ.]ტექნოლოგიური ფაკულტ. და სასოფლო-სამეურნეო პროფილის სტუდენტებისათვის. | ||
| 700 |
_aლომინაძე, შოთა _95088 |
||
| 700 |
_aბაჯელიძე, აკაკი _924880 |
||
| 942 |
_cBK _2udc |
||